| 000 | 00745nam a22002175i 4500 | ||
|---|---|---|---|
| 001 | 176236 | ||
| 003 | ES-MaACL | ||
| 005 | 20250822061908.0 | ||
| 008 | 101227s1956 sp |||| | spa d | ||
| 080 | _a821.134.2-96"16" | ||
| 100 | 1 |
_aSaavedra Fajardo, Diego de. _9101141 |
|
| 245 | 1 | 0 |
_aRepública literaria / _cSaavedra Fajardo ; edición y notas de Vicente García de Diego. |
| 250 | _a2ª ed. | ||
| 260 |
_aMadrid : _bEspasa-Calpe, _cimp. 1956. |
||
| 300 |
_aLVI, 134 p. ; _c20 cm. |
||
| 490 | 1 |
_aClásicos castellanos ; _v46 |
|
| 700 | 1 |
_aGarcía de Diego, Vicente, _d1878-1978 _954421 |
|
| 830 | 0 | 0 |
_aClásicos castellanos (Espasa-Calpe) _v46 _9183802 |
| 852 |
_aES-MaACL _jE-13905 _xOlim P-94 |
||
| 999 |
_c176236 _d176236 |
||